| 000 | 00445nam a2200169Ia 4500 | ||
|---|---|---|---|
| 003 | LK-CoDNM | ||
| 008 | 010623t2000 xxu||||| |||| 00| 1 eng d | ||
| 040 |
_aLK-CoDNM _dLK-CoDNM _eLK-CoDNM |
||
| 041 | _aeng | ||
| 080 |
_a801.5(802.0) _bCHI |
||
| 100 | _aChinnaiyah, Bertram | ||
| 245 | _aSteps to mastery of English grammar | ||
| 260 |
_bM.D.Gunasena _aColombo _c2000 |
||
| 300 | _b(xix)280, 22 cm | ||
| 650 | _aEnglish Grammar | ||
| 942 | _cBK | ||
| 999 |
_c120138 _d120138 |
||